Determinants of Rising Fragmentation in Global Value Chains
Salvato in:
| Autore principale: | |
|---|---|
| Natura: | Capitolo di libro |
| Lingua: | inglese |
| Soggetti: | |
| Tags: |
Nessun Tag, puoi essere il primo ad aggiungerne!!
|
MARC
| LEADER | 00000naa$a2200000$$$4500 | ||
|---|---|---|---|
| 001 | 0297864 | ||
| 005 | 20250822091933.9 | ||
| 041 | 0 | |a eng | |
| 044 | |a SK | ||
| 245 | 1 | 0 | |a Determinants of Rising Fragmentation in Global Value Chains |c Tomáš Oleš |
| 500 | |a Abstrakt | ||
| 610 | 2 | 0 | |a reťazce hodnotové globálne |
| 610 | 2 | 0 | |a obchod medzinárodný |
| 610 | 2 | 0 | |a medziprodukty |
| 610 | 2 | 0 | |a služby |
| 610 | 2 | 0 | |a odhady |
| 100 | 1 | |a Oleš, Tomáš, 1996- | |